000
00344nam a22001457a 4500
008
210607b ||||| |||| 00| 0 eng d
020
_a
0879931833
041
_a
eng
080
_a
616.12
082
_a
616.12
100
_a
7
101
_a
KARDIO
245
_a
Noncardiac Surgery in the Cardiac Patient
_c
Stephen P. Glasser
942
_2
udc
_c
BK
999
_c
58036
_d
58036